| 000 | 00511nam a2200181Ia 4500 | ||
|---|---|---|---|
| 003 | GCL | ||
| 008 | 140319s9999 xx 000 0 ara d | ||
| 040 |
_aGCL / _cGCL |
||
| 082 | 0 | 4 |
_aد _b050 |
| 100 | 1 | _aعامر العقاد | |
| 245 | 1 | 0 |
_aاخر كلمات العقاد ( اقرا 267 ) / _cعامر العقاد |
| 300 | _a124 | ||
| 490 |
_aوثائق ونصوص _v0 |
||
| 650 | 0 | 4 | _aالادباء |
| 650 | 0 | 4 | _aعباس محمود العقاد |
| 650 | 0 | 4 | _aالرجال - تراجم |
| 942 |
_2ddc _cCF |
||
| 999 |
_c27176 _d27176 |
||